000 00553cam a2200217ua 4500
001 3837
005 20260515113734.0
008 111207n ii |||gr||||Z||||||asm
020 _a81-7339-000-2
040 _cMAIN
082 _a782.25
100 _aChakravarty, Manju,
_eAuthor.
245 1 1 _aCaryapada aru borgit
_cby Manju Chakravarty
250 _a1st.
260 _aDibrugarh:
_bBanalata,993.
300 _a96p:
_c23cm.
653 _aAssamese song
653 _aCaryapada aru borgit
700 _aHazarika, Karabi Deka,
_eAuthor.
942 _cBK
999 _c3659
_d3659